| 000 | 00413nam a2200133Ia 4500 | ||
|---|---|---|---|
| 008 | 220217s9999||||xx |||||||||||||| ||und|| | ||
| 020 | _a81-7884-004-9 | ||
| 082 | _a001 AGA | ||
| 100 |
_aAgarwal, P.K Gupta, Manjula _92043 |
||
| 245 | 0 | _aCourse in quantitative aptitude for competitive examinations | |
| 260 |
_aCyber tech publishers _bNew Delhi _c2001 |
||
| 300 | _b195 | ||
| 650 | _aEXAM BOOKS/GRE/CAT/GATE | ||
| 999 |
_c167989 _d167989 |
||